| 000 | 00521nam a2200181Ia 4500 | ||
|---|---|---|---|
| 003 | OSt | ||
| 005 | 20200907123358.0 | ||
| 008 | 190216s9999||||xx |||||||||||||| ||und|| | ||
| 020 | _a9780486449784 | ||
| 040 | _coclc | ||
| 082 |
_a536.7 _bNAS/E |
||
| 100 |
_aNash, Leonard K _94469 |
||
| 245 | 0 |
_aElements Of Statistical Thermodynamics / _cLeonard K Nash |
|
| 250 | _a2nd Ed. | ||
| 260 |
_bDover Publications, _c2013. _aNew York: |
||
| 300 | _a138p | ||
| 942 |
_cBK _2ddc _h536.7 _iNAS/E _k536.7 _mNAS/E |
||
| 999 |
_c3685 _d3685 |
||